| 000 | 01395nam0a2200337 4500 | ||
|---|---|---|---|
| 001 | RU\NLR\BIBL_A\012484997 | ||
| 005 | 20260408213004.0 | ||
| 010 |
_a978-5-907311-85-5 _9500 |
||
| 021 |
_aRU _b2020-73204 _9КН-П-5504 |
||
| 035 | _a(NLR Aleph) 012484997 | ||
| 035 | _a(RuMoRGB)010487019 | ||
| 090 |
_a12150991 _c12150991 |
||
| 100 | _a20210325d2020 k y0rusy50 ca | ||
| 101 | 0 | _arus | |
| 102 | _aRU | ||
| 105 | _aa|||z|||000zy | ||
| 181 | 0 |
_ai3 _baxxe |
|
| 182 | 0 | _an | |
| 200 | 1 |
_aТеоретические основы идентификации источников информации, передаваемой блоками ограниченного размера _eмонография _fТаныгин Максим Олегович |
|
| 203 |
_aТекст _bвизуальный _cнепосредственный |
||
| 210 |
_aКурск _cУниверситетская книга _d2020 |
||
| 215 |
_a197, [1] с. _cил. _d20 |
||
| 320 | _aБиблиогр.: с. 177-197 (150 назв.) | ||
| 606 |
_aИдентификация (киберн.) _3RU\NLR\AUTH\6601687908 _92477933 |
||
| 686 | 1 | _aЗ811 | |
| 700 | 1 |
_aТаныгин _bМ. О. _cканд. техн. наук _gМаксим Олегович _9211430 _3RU\NLR\AUTH\770211486 |
|
| 942 | _cBOOK | ||
| 980 | _aNBR | ||
| 980 | _aNB | ||